000 00687nam a22002177a 4500
005 20250822170528.0
008 250822b |||||||| |||| 00| 0 eng d
037 _cTB
040 _aCRL
_cCRL
041 _2eng
_aeng
_htam
084 _aO31,1NRAx R4
_qCRL
100 _aRamasamy, Seenu
_9815454
245 _aPugarpettiyin meedhu paduthurangum poonai
260 _aChennai, India:
_bDiscovery Publications,
_c2024.
300 _a296p.
365 _b500.00
_cINR
650 _aTamil Literature
650 _aTamil Poetry
942 _2CC
_cTB
_hO31,1NRAx R4
_n0
999 _c1434850
_d1434850